Niziny - Krainy Geograficzne - Statystyki

Ogólne statystyki
  • Ten quiz został rozwiązany 42 razy
  • Średni wynik to 10 z 47
Statystyki odpowiedzi
Obrazkowy Odpowiedź % Poprawnych
Nizina Śląska
91%
Nizina Pólnocnopodlaska
45%
Nizina Południowowielkopolska
36%
Wał Trzebnicki
36%
Kotlina Biebrzańska
27%
Nizina Północnomazowiecka
27%
Nizina Południowopodlaska
27%
Nizina Śląsko-Łużycka
27%
Nizina Środkowomazowiecka
27%
Płaskowyż Głubczycki
27%
Bory Dolnośląskie
18%
Dolina Środkowej Wisły
18%
Kotlina Raciborska
18%
Kotlina Warszawska
18%
Międzyrzecze Łomżyńskie
18%
Niziny Środkowopolskie
18%
Obniżenie Milicko-Głogowskie
18%
Pojezierze Łęczyńsko-Włodawskie
18%
Polesie Wołyńskie
18%
Polesie Zachodnie
18%
Pradolina Wrocławska
18%
Równina Garwolińska
18%
Równina Kodeńska
18%
Równina Kozienicka
18%
Równina Kurpiowska
18%
Równina Kutnowska
18%
Równina Łowicko-Błońska
18%
Równina Łukowska
18%
Równina Oleśnicka
18%
Równina Opolska
18%
Równina Radomska
18%
Równina Warszawska
18%
Równina Wołomińska
18%
Równina Wrocławska
18%
Wysoczyzna Białostocka
18%
Wysoczyzna Ciechanowska
18%
Wysoczyzna Kaliska
18%
Wysoczyzna Łaska
18%
Wysoczyzna Płońska
18%
Wysoczyzna Rawska
18%
Wysoczyzna Siedlecka
18%
Wysoczyzna Wysokomazowiecka
18%
Wzgórza Ostrzeszowskie
18%
Wzgórza Trzebnickie
18%
Wzniesienia Łódzkie
18%
Wzniesienia Mławskie
18%
Wzniesienia Południowomazowieckie
18%
Nie znaleziono quizów pasujących do podanych kryteriów
Rozkład punktacji
Procent ludzi z każdym wynikiem
Percentyl według liczby udzielonych odpowiedzi
Twoja historia wyników
Nie rozwiązałeś tego quizu